|
|
|
|
| LEADER |
00000nam0a2200000 4500 |
| 001 |
145519 |
| 005 |
20231031144115.0 |
| 020 |
|
|
|a RU
|b 87-93841
|
| 035 |
|
|
|a (RuTPU)RU\TPU\book\157725
|
| 090 |
|
|
|a 145519
|
| 100 |
|
|
|a 20081017d1987 k y0rusy5003 ca
|
| 101 |
0 |
|
|a rus
|
| 102 |
|
|
|a RU
|
| 105 |
|
|
|a a z 001zy
|
| 200 |
1 |
|
|a Методика и практика выявления и оконтуривания несводовых литологических ловушек на севере Западной Сибири
|e сборник научных трудов
|f Всесоюзный нефтяной научно-исследовательский геологоразведочный институт; под ред. В. В. Самсонова; В. А. Завадский
|
| 210 |
|
|
|a Ленинград
|c ВНИГРИ
|d 1987
|
| 215 |
|
|
|a 159 с., [8] л. ил.
|c ил., карт.
|
| 320 |
|
|
|a Библиография в конце статей
|
| 610 |
1 |
|
|a нефтяные ловушки
|
| 610 |
1 |
|
|a Западная Сибирь
|
| 610 |
1 |
|
|a газовые ловушки
|
| 610 |
1 |
|
|a выявление
|
| 610 |
1 |
|
|a сборники
|
| 610 |
1 |
|
|a оконтуривание
|
| 610 |
1 |
|
|a методика
|
| 675 |
|
|
|a 553.982.2
|v 3
|
| 702 |
|
1 |
|a Самсонов
|b В. В.
|g Владимир Викторович
|4 340
|
| 702 |
|
1 |
|a Завадский
|b В. А.
|4 340
|
| 712 |
0 |
2 |
|a Всесоюзный нефтяной научно-исследовательский геологоразведочный институт
|2 stltpush
|3 (RuTPU)RU\TPU\col\7662
|
| 801 |
|
0 |
|a RU
|b RuMRKP
|c 19960705
|g psbo
|
| 801 |
|
1 |
|a RU
|b 63413507
|c 20081017
|g PSBO
|
| 801 |
|
2 |
|a RU
|b 63413507
|c 20150904
|g PSBO
|
| 942 |
|
|
|c BK
|